Sports Quiz

Random Sports or MLB Quiz

MLB: Homered Off Mariano Rivera Quiz Stats

 Plays Quiz Updated Apr 29, 2018

Challenge
Share
Tweet
Embed
Score 0/73 Timer 20:00
1 Play Today
Date Player % Correct
8/18/2006David Ortiz
79.8%
7/7/2013Adam Jones
78.8%
7/16/1999Andruw Jones
78.5%
8/9/2013Miguel Cabrera
75.7%
8/11/2013Miguel Cabrera
75.7%
8/11/2013Victor Martinez
74.3%
6/11/1995Edgar Martinez
74.3%
8/25/1995Edgar Martinez
74.3%
5/7/2009Evan Longoria
74.1%
4/23/2013Evan Longoria
74.1%
6/4/2001Manny Ramirez
72%
9/5/1995Ken Griffey Jr.
69.1%
4/19/2000Ivan Rodriguez
66.4%
6/27/1997Jim Thome
61%
4/11/1997Mark McGwire
53%
7/9/1995Juan Gonzalez
52%
4/5/2005Jason Varitek
50.3%
6/28/1996Rafael Palmeiro
49%
9/4/2004Rafael Palmeiro
49%
10/5/1997 (ALDS G4)Sandy Alomar, Jr.
48.1%
8/8/2006Paul Konerko
47.1%
8/4/2001Troy Glaus
45.9%
4/30/1997Jay Buhner
45.3%
9/18/2009Ichiro Suzuki
41.5%
5/7/2007Adrian Beltre
38.7%
6/18/2011Reed Johnson
36.6%
7/16/2000Brian Hunter
35.9%
5/23/1995Jim Edmonds
34.4%
4/29/2009Curtis Granderson
34.2%
5/7/2009Carl Crawford
33.4%
7/20/2006Vernon Wells
32.1%
7/24/2004Bill Mueller
31%
5/11/2004Bengie Molina
26%
8/18/2000Mo Vaughn
25.1%
6/23/2000Carlos Lee
24%
8/12/2008Delmon Young
22%
4/24/2009Jason Bay
20.9%
Date Player % Correct
8/11/2009Edwin Encarnacion
20%
5/27/2003Kevin Millar
19.4%
9/8/2013Will Middlebrooks
17.5%
8/9/2011Bobby Abreu
15.1%
7/14/1997Marquis Grissom
14.7%
8/15/2007Aubrey Huff
14.6%
7/29/2008Aubrey Huff
14.6%
6/6/1995Ruben Sierra
14.5%
7/6/1999Bobby Higginson
12.7%
4/13/2002Shea Hillenbrand
12%
8/16/2005Eduardo Perez
11.7%
5/16/2010Jason Kubel
10.6%
6/9/2008Jose Guillen
10.5%
10/22/2000 (WS G2)Jay Payton
10.1%
9/28/2002Geronimo Gil
8.7%
7/18/1998Ed Sprague
8.6%
9/15/1995Bobby Bonilla
7.5%
7/26/1995Wally Joyner
7.1%
4/15/2007Marco Scutaro
6.7%
9/19/2010Luke Scott
6.4%
6/6/1995Geronimo Berroa
6.3%
6/12/2001Michael Barrett
6.2%
6/7/2008David DeJesus
6%
5/13/2001Jeff Conine
5.8%
8/15/2003Jack Cust
5.2%
8/11/2011Russell Branyan
4%
5/20/2009Nolan Reimold
3.7%
9/5/1995Luis Sojo
3.2%
8/23/1997Roberto Kelly
3.2%
5/20/2007Damion Easley
3.2%
8/16/2003Luis Matos
2.9%
7/18/1998Mike Stanley
2.6%
7/14/2002Bill Selby
2.2%
4/28/2001Olmedo Saenz
2%
8/14/1998Mike Simms
1.5%
8/1/1995David Hulse
1.4%

You're not logged in!

Compare scores with friends on all Sporcle quizzes.
OR
Log In

You Might Also Like...

Show Comments

Extras

Top Quizzes Today


Score Distribution

Your Account Isn't Verified!

In order to create a playlist on Sporcle, you need to verify the email address you used during registration. Go to your Sporcle Settings to finish the process.

Report this User

Report this user for behavior that violates our Community Guidelines.

Details: